| 000 | 00000nam##2200000za#4500 |
| 001 | 9.602893 |
| 003 | CaOODSP |
| 005 | 20240212134142 |
| 007 | cr ||||||||||| |
| 008 | 150406|1998||||xxc|||||o f|0| 0 fre|d |
| 040 | |aCaOODSP|bfre |
| 043 | |an-cn--- |
| 086 | 1 |aNE22-1/1998-7F-PDF |
| 110 | 1 |aCanada. |bOffice national de l'énergie. |
| 245 | 10|aMotifs de décision relativement à Souris Valley Pipeline Limited : |h[ressource électronique]|bdemande en date du 10 octobre 1997, modifiée le 31 décembre 1997, en vue de la construction et de exploitation d'un pipeline de transport du dioxyde de carbone |
| 246 | 1 |iTitre de renvoi : |aSouris Valley Pipeline Limited |
| 260 | |aCalgary - Alberta : |bOffice national de l'énergie |cOctobre 1998. |
| 300 | |a42p.|bcarte, tableaux |
| 490 | 1 |aMotifs de décision|vMH-1-98 |
| 500 | |aLe nº de catalogue (NE22-1/1998-7F) et l'ISBN (0-662-83262-0) de l'édition imprimée ont été incorrectement copiés dans cette édition électronique. |
| 590 | |a12-09-Supp|b2012-03-21 |
| 775 | 08|tReasons for decision in the matter of Souris Valley Pipeline Limited : |w(CaOODSP)9.572548 |
| 776 | 0#|tSouris Valley Pipeline Limited : |w(CaOODSP)9.624893 |
| 830 | #0|aMotifs de décision (Canada. Office national de l'énergie)|vMH-1-98|w(CaOODSP)9.500899 |
| 856 | 40|ahttp://publications.gc.ca|qPDF|s156 Ko|uhttps://publications.gc.ca/collections/collection_2011/one-neb/NE22-1-1998-7-fra.pdf|yMH-1-98 |